01156nam a2200241Ia 450000500170000000800410001702000180005804000180007604100080009408200220010210000270012424501420015125000120029326000460030530000290035165000590038065000480043965000250048794200310051299900190054395201760056295201760073820230707105301.0210716s2013 xx 000 0 und d a9788126540167 cAIMIT LIBRARY aeng a004.606 21bBURP aBurke, Pariah.9125900 aE publishing with in design CS6 : bdesign and produce digital publications for tablets ereaders smartphones and more /cBy Pariah Burke. a1st ed. aNew Delhi :bWiley India Pvt Ltd ,c2013. axxvii,548p. ;bPBc23 cm aCreating PDF publications for digital delivery9125901 aCreating basic ebooksFine turnninhg9125902 aFine tuning 9125903 2ddccBKe1stk004.606 BURP c193921d193921 00102ddc40708MCAaAIMITbAIMITeHigginbothams Pvt Ltdg699.00iBill no:1492; Bill dt:2014-03-15l0o004.606 BURPpMCA13415r2025-07-21 00:00:00v524.25w2021-07-16yBK 00102ddc40708MCAaAIMITbAIMITeHigginbothams Pvt Ltdg699.00iBill no:1492; Bill dt:2014-03-15l0o004.606 BURPpMCA13429r2025-07-21 00:00:00v524.25w2021-07-16yBK